| 000 | 00467nam a2200145 a 4500 | ||
|---|---|---|---|
| 001 | 60805 | ||
| 005 | 20180714062216.0 | ||
| 008 | 140415s1987 000 0 spa d | ||
| 041 | _aspa | ||
| 082 |
_a659.1 _bPUB |
||
| 245 | 0 | 0 |
_aPUBLICIDAD LA OTRA CULTURA : _bCRISTIANISMO Y COMUNICACION EN AMERICA LATINA |
| 260 |
_a[s.l.] : _bIPAL, _c1987 |
||
| 300 | _a292 | ||
| 650 | 1 | 4 |
_aCOMUNICACION _xMEDIOS DE COMUNICACION DE MASAS _xPUBLICIDAD _xRELIGION Y CULTURA |
| 999 |
_c60805 _d60805 |
||